| 000 | 00558nam a2200205Ia 4500 | ||
|---|---|---|---|
| 003 | OSt | ||
| 005 | 20220923230817.0 | ||
| 006 | a|||||r|||| 00| 0 | ||
| 007 | ta | ||
| 008 | Pun | ||
| 024 | _a305,759 | ||
| 037 | _cTextual | ||
| 040 |
_aARTS _cARTS _bPun |
||
| 041 |
_2Pun _aPun |
||
| 082 | _aR4, 153A0 | ||
| 100 |
_aਮੁਸਾਖ਼ਿਰ, ਗੁਰਮੁਖ ਸਿੰਘ _9157943 |
||
| 245 | 0 | _aਅਨੰਦ ਮਾਰਗ | |
| 942 |
_hR4, 153A0 _cTEXL _2CC |
||
| 999 |
_c387549 _d387549 |
||